| 000 | 00468nam a2200181Ia 4500 | ||
|---|---|---|---|
| 005 | 20250423100948.0 | ||
| 008 | 250422s9999 xx 000 0 und d | ||
| 020 | _a0130090735 | ||
| 050 | _aHG 4026 .G348/ | ||
| 100 | _aGallagher, Timothy J. | ||
| 245 | 0 | _aSolution manual financial management : principles and practice | |
| 260 | _aNew Jersey | ||
| 260 | _bMcGraw Hill | ||
| 260 | _c2003 | ||
| 300 | _a166 p | ||
| 650 | _aCorporations--Finance. | ||
| 942 | _cBK | ||
| 999 |
_c34870 _d34870 |
||